| 000 | 00478nam a2200169Ia 4500 | ||
|---|---|---|---|
| 005 | 20250424120238.0 | ||
| 008 | 250424s9999 xx 000 0 und d | ||
| 022 | _a15966216 | ||
| 050 | _aH 53.N6 .G56/ | ||
| 245 | 0 | _aGlobal journal of social sciences. | |
| 260 | _aCalabar, Nigeria | ||
| 260 | _bAlfred N.N | ||
| 260 | _c2018 | ||
| 300 | _a116 p. :ill. ; 28 cm. | ||
| 650 | _aSocial sciences--Nigeria--Periodicals. Nigeria--Social conditions--Periodicals. | ||
| 942 | _cSR | ||
| 999 |
_c38218 _d38218 |
||